| 000 | 00554nam a2200169Ia 4500 | ||
|---|---|---|---|
| 003 | 0 | ||
| 005 | 20250211101541.0 | ||
| 008 | 140724s9999 xx 000 0 und d | ||
| 050 |
_aT 58.6 _b.B447 2007 |
||
| 100 | _aBellon, Jerald Santos. | ||
| 245 | 4 |
_aThe product information system of Pharma World TDG. Co., LTD. / _cJerald Santos Bellon. |
|
| 260 |
_aLas PiƱas, Philippines : _bSouthville International School and Colleges, _cc2007. |
||
| 300 |
_a166 p. : _bill. ; _c28 cm. |
||
| 521 | _aInformation Technology | ||
| 942 |
_cTH _2lcc |
||
| 999 |
_c229223 _d229223 |
||